A Text Book of Engineering Mathematics Vol - I (Record no. 50521)

MARC details
000 -LEADER
fixed length control field 00347nam a2200133Ia 4500
008 - FIXED-LENGTH DATA ELEMENTS--GENERAL INFORMATION
fixed length control field 220530s9999 xx 000 0 und d
041 ## - LANGUAGE CODE
Language code of text/sound track or separate title eng
082 ## - DEWEY DECIMAL CLASSIFICATION NUMBER
Classification number 510
Item number DES
100 ## - MAIN ENTRY--PERSONAL NAME
Personal name Deshmukh D T
9 (RLIN) 55506
245 ## - TITLE STATEMENT
Title A Text Book of Engineering Mathematics Vol - I
260 ## - PUBLICATION, DISTRIBUTION, ETC. (IMPRINT)
Place of publication, distribution, etc. Wardha
Name of publisher, distributor, etc. Surya Offset
Date of publication, distribution, etc. 2011
300 ## - PHYSICAL DESCRIPTION
Extent 624 P
Other physical details PB
906 ## - LOCAL DATA ELEMENT F, LDF (RLIN)
a 60
b ALIED
Holdings
Withdrawn status Lost status Damaged status Not for loan Collection code Home library Current library Date acquired Vendor Cost, normal purchase price Total Checkouts Full call number Barcode Date last seen Date last checked out Cost, replacement price Bill Date Koha item type Original Barcode
        Allied Science Cummins College of Engineering for Women Nagpur Cummins College of Engineering for Women Nagpur 18/10/2011 International Book House Pvt Ltd 300.00 5 510/DES CEWN-BK-2828 07/01/2026 31/12/2025 240.00 30/05/2022 Books 002828